书目信息 |
| 题名: |
道海玄微
|
|
| 作者: | 萧天石 著 | |
| 分册: | ||
| 出版信息: | 北京 华夏出版社 2007 |
|
| 页数: | 19,555页 | |
| 开本: | 24cm | |
| 丛书名: | 萧天石先生著述系列 | |
| 单 册: | ||
| 中图分类: | B223.05 | |
| 科图分类: | ||
| 主题词: | 道家--研究 | |
| 电子资源: | ||
| ISBN: | 978-7-5080-4256-5 | |
| 000 | 00877oam2 2200277 450 | |
| 001 | 012004150476 | |
| 005 | 20080225095825.26 | |
| 009 | 012004150476 | |
| 010 | @a978-7-5080-4256-5@dCNY49.00 | |
| 035 | @a(110019)012007026286 | |
| 100 | @a20070711d2007 em y0chiy0110 ea | |
| 101 | 0 | @achi |
| 102 | @aCN@b110000 | |
| 105 | @aa z 000yy | |
| 106 | @ar | |
| 200 | 1 | @a道海玄微@Adao hai xuan wei@f萧天石著 |
| 210 | @a北京@c华夏出版社@d2007 | |
| 215 | @a19,555页@c图@d24cm | |
| 225 | 2 | @a萧天石先生著述系列 |
| 330 | @a本书是作者几十年来发扬“新道学”之传道集。全书分为五卷,包括:圣功神化道大乘集、先天道无极门长生丹法、道家养生药言辑要、儒家圣脉及其内圣修养心法、道海外集。 | |
| 461 | 0 | @12001 @a萧天石先生著述系列 |
| 606 | 0 | @a道家@x研究 |
| 690 | @aB223.05@v4 | |
| 701 | 0 | @a萧天石@Axiao tian shi@4著 |
| 801 | 0 | @aCN@b110019@c20080225 |
| 905 | @dB223.05@e360@f4 | |
| 道海玄微/萧天石著.-北京:华夏出版社,2007 |
| 19,555页:图;24cm.-(萧天石先生著述系列) |
| ISBN 978-7-5080-4256-5:CNY49.00 |
| 本书是作者几十年来发扬“新道学”之传道集。全书分为五卷,包括:圣功神化道大乘集、先天道无极门长生丹法、道家养生药言辑要、儒家圣脉及其内圣修养心法、道海外集。 |
| ● |
| 相关链接 |
|
|
|
|
正题名:道海玄微
索取号:B223.05/360
 
预约/预借
| 序号 | 登录号 | 条形码 | 馆藏地/架位号 | 状态 | 备注 |
| 1 | 0793243 | 207932433 | 第一样本阅览室/ [索取号:B223.05/360] | 在馆 | |
| 2 | 0793244 | 207932442 | 第一借阅区/ [索取号:B223.05/360] | 在馆 | |
| 3 | 0793245 | 207932451 | 第一借阅区/ [索取号:B223.05/360] | 在馆 | |
| 4 | 0793246 | 207932460 | 教育系资料室/ [索取号:B223.05/360] | 在馆 |